Manual of intensive care medicine : (رقم التسجيلة. 15271)

تفاصيل مارك
000 -الفاتح
حقل البيانات ثابتة الطول 00899nam a2200277 a 4500
001 - رقم الضبط
رقم الضبط 1880584
003 - محدد رقم الضبط
رقم الضبط OSt
005 - وقت وتاريخ اخر تعامل مع التسجيلة
رقم الضبط 20150408113925.0
008 - عناصر البيانات ثابتة الطول - معلومات عامة
حقل البيانات ثابتة الطول 840727s1983 maua b 001 0 eng
010 ## - رقم ضبط مكتبة الكونجرس
رقم ضبط مكتبة الكونجرس 83080299
020 ## - الرقم الدولى المعيارى للكتب
الرقم الدولى المعيارى للكتاب 0316747084 (pbk.)
040 ## - مصدر الفهرسة
وكالة الفهرسة الأصلية DLC
وكالة النسخ DLC
وكالة التعديل DLC
050 10 - رقم طلب مكتبة الكونجرس
رقم التصنيف RC86.7
رقم المادة .M365 1983
082 00 - رقم تصنيف ديوى العشرى
رقم التصنيف 616/.028
رقم الطبعة 19
245 00 - بيان العنوان
العنوان Manual of intensive care medicine :
بقية العنوان with annotated key references /
بيان المسئوليه,etc [edited by] James Rippe, Marie Csete.
250 ## - بيان الطبعة
بيان الطبعة 1st ed.
260 ## - PUBLICATION, DISTRIBUTION, ETC. (IMPRINT)
مكان الناشر او الموزع Boston :
اسم الناشر او الموزع Little, Brown,
تاريخ النشر أو التوزيع c1983.
300 ## - الوصف المادى
التعداد xiv, 465 p. :
تفاصيل ماديه اخرى للوعاء ill. ;
أبعاد الوعاء 22 cm.
490 0# - بيان السلسلة
عنوان السلسلة A Little, Brown spiral manual
504 ## - تبصرة ببليوجرافية
تبصرة ببليوجرافية,الخ Includes bibliographies and index.
650 #0 - المدخل الاضافى بالموضوع-مصطلح موضوعى
مصطلح موضوعي أو اسم جغرافي كعنصر مدخل Critical care medicine
التقسيم الفرعي العام Handbooks, manuals, etc.
9 (RLIN) 4716
700 1# - المدخل الاضافى - اسم شخصى
الإسم الشخصى Rippe, James M.
9 (RLIN) 4717
700 1# - المدخل الاضافى - اسم شخصى
الإسم الشخصى Csete, Marie.
9 (RLIN) 4718
906 ## - عنصر بيانات محلى F, LDF (RLIN)
a 7
b cbc
c orignew
d 3
e opcn
f 19
g y-gencatlg
942 ## - عناصر المدخل الإضافي( كوها)
مصدر التصنيف او مخطط الترفيف Dewey Decimal Classification
Koha [default] item type كتاب
المقتنيات
حالة الفقد نموذج السعر الفعال حالة تلف ليس للاعارة رقم الطلب تاريخ الاكتساب الموقع الحالي الباركود الفرع الرئيسي Date last seen نوع المادة فى نظام كوها مصدر التصنيف او خطة الترفيف Total Checkouts
  2013-03-10     616.028 I R M 2011-09-21 المكتبة المركزية بالمجمعة (CL) 00047866 المكتبة المركزية بالمجمعة (CL) 2013-03-10 كتاب Dewey Decimal Classification  
  2013-03-10     616.028 I R M 2011-09-22 المكتبة المركزية بالمجمعة (CL) 00047868 المكتبة المركزية بالمجمعة (CL) 2013-03-10 كتاب Dewey Decimal Classification  
  2013-03-10     616.028 I R M 2011-09-22 المكتبة المركزية بالمجمعة (CL) 00047867 المكتبة المركزية بالمجمعة (CL) 2013-03-10 كتاب Dewey Decimal Classification